000 00905cam a2200277 4500
001 M936
008 090401t1992 xxu||||| |||| 00| 0 eng d
035 _a(Sirsi) u6497
041 _aeng
050 _a333.332
090 _aRICS 1992/50ABDE
110 _aRoyal Institution of Chartered Surveyors
_94900
245 4 _aThe valuation of residential property: guidance to clients & model conditions of engagement effective from 1 June 1992.
250 _aRevised ed.
260 _aLondon
_bRICS
_c1992
300 _a1 folded sheet (6p.) ; 21x10cm.
350 _a0
520 _aSUPERSEDED: Replaced by 4th edition (ISBN 0854067574) model Conditions of Contract inserted as separate sheet.
650 _aCONDITIONS OF ENGAGEMENT
650 _aGUIDANCE NOTES
650 _aRESIDENTIAL PROPERTY
_96266
650 _aRICS
690 _aRATING AND VALUATION
942 _n0
948 _c04/03/1997
999 _c86317
_d86317